Telephone skills at work (Бичлэгийн дугаар. 145932)
| 000 -УДИРДЛАГА | |
|---|---|
| Удирдлага | 00815nam a22002777a 4500 |
| 003 - ХЯНАЛТЫН ТОО ТОДОРХОЙЛОГЧ | |
| Код | MN-UlNUM |
| 005 - БИЧИЛТ ХИЙСЭН ОГНОО | |
| Тухайн бичилтийг бичсэн засварласан сүүлийн огноо | 20251213131203.0 |
| 008 - ЕРӨНХИЙ МЭДЭЭЛЭЛ | |
| Ерөнхий мэдээлэл | 251114s1994 ilua 000 0 eng |
| 020 ## - ISBN | |
| ISBN | 1556238584 |
| -- | 9781556238581 |
| 040 ## - БИЧЛЭГ ҮҮСГЭГЧ БАЙГУУЛЛАГА | |
| Бичлэг үүсгэгч номын сангийн код | МУИС-ийн номын сан |
| 084 ## - ББК АНГИЛАЛ | |
| ББК ангилал | 65.290-2 |
| Зохиогчийн гурван тэмдэгт | F 58 |
| Нэмэлт тусгалт | Нэг сэдэвт бүтээл |
| Мэдлэгийн ялгаа | 65 - Эдийн засаг |
| 100 1# - ЗОХИОГЧ | |
| Зохиогчийн нэр | Fisher, Judith E. |
| 245 10 - ҮНДСЭН ГАРЧИГ | |
| Номын нэр | Telephone skills at work |
| Оролцогчдын тухай мэдээ | Judith E. Fisher |
| 260 ## - ГАРАЛТЫН МЭДЭЭ | |
| Хэвлэгдсэн газар | Burr Ridge, Ill. |
| Хэвлэлийн газар | Business One Irwin/Mirror Press |
| Хэвлэгдсэн он | 1994 |
| 300 ## - МАТЕРИАЛЫН ТОДОРХОЙЛОЛТ | |
| хуудасны тоо | xiii, 86 p. |
| Бусад тоон мэдээлэл | ill. ; |
| Хэмжээ | 26 cm |
| 500 ## - Тайлбар | |
| Дансны дугаар | БС 5977 |
| 546 ## - ХЭЛНИЙ ТУХАЙ МЭДЭЭ | |
| Хэл | Англи хэл дээр, |
| 653 ## - Түлхүүр үг | |
| Түлхүүр үг | telephone in business |
| 653 ## - Түлхүүр үг | |
| Түлхүүр үг | business |
| 740 ## - НОМЫН ГАРЧИГ | |
| Гарчиг | Business use of the telephone |
| 740 ## - НОМЫН ГАРЧИГ | |
| Гарчиг | The challenge of telephone communication |
| 740 ## - НОМЫН ГАРЧИГ | |
| Гарчиг | Key telephone skills |
| 740 ## - НОМЫН ГАРЧИГ | |
| Гарчиг | Business telephone tips |
| 942 ## - ЭЛЕМЕНТИЙН ТӨРӨЛ | |
| Зүйлийн төрөл | Ном |
